Painting of steel bridges and other structures / (Record no. 7084)

MARC details
000 -LEADER
fixed length control field 00786nac a22002411u 4500
010 ## - LIBRARY OF CONGRESS CONTROL NUMBER
LC control number 89005676
020 ## - INTERNATIONAL STANDARD BOOK NUMBER
International Standard Book Number 0442234996
082 00 - DEWEY DECIMAL CLASSIFICATION NUMBER
Classification number 624.28
Item number HAR
090 ## - LOCALLY ASSIGNED LC-TYPE CALL NUMBER (OCLC); LOCAL CALL NUMBER (OCLC)
-- 7084
-- 7084
100 ## - MAIN ENTRY--PERSONAL NAME
Personal name Hare, Clive H.,
245 10 - TITLE STATEMENT
Title Painting of steel bridges and other structures /
Statement of responsibility, etc Clive H. Hare.
260 ## - PUBLICATION, DISTRIBUTION, ETC. (IMPRINT)
Place of publication, distribution, etc New York :
Name of publisher, distributor, etc Van Nostrand Reinhold,c1990.
Date of publication, distribution, etc c1990.
300 ## - PHYSICAL DESCRIPTION
Extent xiv, 303 p. :
Other physical details ill. ;
Dimensions 26 cm.
440 #0 -
-- Bridge series
500 ## - GENERAL NOTE
General note Includes index.
500 ## - GENERAL NOTE
General note Distributer: Al-Ahram.
504 ## - BIBLIOGRAPHY, ETC. NOTE
Bibliography, etc Bibliography: p. 275-293.
511 ## - PARTICIPANT OR PERFORMER NOTE
Participant or performer note Catalogued By: Mahitab.
650 #0 - SUBJECT ADDED ENTRY--TOPICAL TERM
Topical term or geographic name as entry element Painting, Structural.
650 #0 - SUBJECT ADDED ENTRY--TOPICAL TERM
Topical term or geographic name as entry element Protective coatings.
650 #0 - SUBJECT ADDED ENTRY--TOPICAL TERM
Topical term or geographic name as entry element Bridges, Iron and steel
General subdivision Maintenance and repair.
942 ## - ADDED ENTRY ELEMENTS (KOHA)
Item type Book - Borrowing
Call number prefix 624.28HAR
Holdings
Withdrawn status Item status Damaged status Not for loan Home library Current library Shelving location Date acquired Source of acquisition Total Checkouts Full call number Barcode Date last seen Koha item type
        Central Library Central Library First floor 07/12/2016 Purchase   624.28HAR 000008750 15/07/2025 Book - Borrowing